01752nam2a22003011 4500001001500000005001700015035002600032100004100058101000800099102000700107105001800114200011200132210000900244215003300253461091400286801001801200801002201218801002701240852002301267852002201290852002201312852002301334852002301357852002301380852001101403852002001414852001601434v19\rc\202405320251118181424.3 a(NLR Aleph) 005090747 a20080925d1917 u y0rusy50 ca0 arus aRU ab z |||||0 aАпрель месяц нового стиля (19 марта - 17 апреля старого стиля) d1917 aIV, 47, 33 с., 1 карта 01001v19\rc\202404912001#$aКлиматические условия в районе Югозападного и Румынского фронтов...$fСост. Николаев. гл. физ. обсерваторией$gГидротехн. орг. ОЗУ для нужд армий Югозап. фронта$vАпрель месяц нового стиля (19 марта - 17 апреля старого стиля)aНиколаевская главная физическая обсерватория (Петербург)cПетроградd1916-1917fСост. Николаев. гл. физ. обсерваториейnтип. Имп. Акад. наукtКлиматические условия в районе Югозападного и Румынского фронтов...vАпрель месяц нового стиля (19 марта - 17 апреля старого стиля) 0aRUbNLRgpsbo 0aRUbRuMoRGB2psbo 1aRUbProSoft-M2rusmarc aRuMoRGBjU 428/161 aRuMoRGBjW 62/279 aRuMoRGBjV 28/206 aRuMoRGBjΔ 129/10 aRuMoRGBjΔ 22/144 aRuMoRGBjΔ 129/11 aБАН aНБ СПбГУ aНБ МГУ